000
00235nam a22000857a 4500
008
170607b xxu||||| |||| 00| 0 eng d
100
_9
3328
_a
Kohli. D
245
_a
A parcel for the post master
260
_a
New Delhi
_b
National Book Trust
_c
2004
999
_c
6647
_d
6647